000 00601nam a2200205Ia 4500
003 GCL
008 140319s9999 xx 000 0 ara d
040 _aGCL /
_cGCL
082 0 4 _aط
_b912
_bم ط
100 1 _aحليم جريس
245 1 0 _aالاطلس المدرسى /
_cحليم جريس
700 1 _aمحمد صبحى عبدالحكيم
700 1 _aيوسف خليل يوسف
700 1 _aاجلال السباعى
300 _a65 ص
490 _aالهيئة العامة للاستعلامات
_v0
650 0 4 _aالجغرافيا
650 0 4 _aالاطالس
942 _2ddc
_cBK
999 _c49041
_d49041